Responses for Show #4478 - Wednesday, February 11, 2004

2004 Teen Tournament quarterfinal game 3.

Contestants

[<< previous game]

Matt Nordsten, a junior from Altadena, California

Heather Goodlett, a sophomore from Hanceville, Alabama

Ashley Anderson, a junior from Arlington, Texas

[next game >>]

Jeopardy! Round responses

UNUSUAL PLANTS
PROFESSIONAL SPORTS
RIVER COUNTRY
THE MALL
OPERAS YOU'LL LIKE
"O" YEAH, SURE
    $200 21
tree

Triple Stumper
    $200 12
Barry Bonds

Ashley
    $200 1
England

Ashley
    $200 10
a bookstore

Ashley
    $200 24
Richard Wagner

Triple Stumper
    $200 5
(Ashley: What is yellow?)

orange

AshleyHeather
    $400 22
bamboo

Heather
    $400 15
the Indy 500

Matt
    $400 2
India

Ashley
    $400 11
(Heather: What is Sweden?)

Switzerland

HeatherMatt
    $400 25
Canada

Matt
    $400 6
opal

Heather
    $600 23
a cobra

Ashley
    $600 16
the Carolina Panthers

Triple Stumper
    $600 3
France

Ashley
    $600 14
Beyond

Matt
    $600 28
Mozart

Ashley
    $600 7
an ostrich

Ashley
    $1,800 26
the Venus flytrap

Matt
    $800 17
the L.A. Kings

Ashley
    $800 4
Germany

Heather
    $800 18
(Heather: What is a locker?)
(Alex: Be more specific.)

a foot locker

Heather
    $800 29
(Ashley: What is The Grasshopper?)

The Cricket

AshleyHeather
    $800 8
okra

Ashley
    $1000 27
skunk

Heather
    $1000 20
(Ashley: What is the MVP Award?)

Rookie of the Year

Ashley
Triple Stumper
    $1000 13
(Matt: What is China?)

Italy

Matt
Triple Stumper
    $1000 19
Express

Matt
    $1000 30
Aaron Copland

Triple Stumper
    $1000 9
an ocelot

Heather

Scores at the first commercial break (after clue 15):

Ashley Heather Matt
$2,800 $2,000 $400

Scores at the end of the Jeopardy! Round:

Ashley Heather Matt
$3,000 $5,000 $3,600

Double Jeopardy! Round responses

MEDIEVAL EUROPE
PUPPETRY
GENERAL SCIENCE
LOCK, STOCK OR BARREL
U.S. PRESIDENTS
SAME FIRST & LAST LETTER
    $400 10
a knight

Matt
    $400 26
Geppetto

Ashley
    $400 11
current

Heather
    $400 20
stock

Heather
    $400 1
(Ashley: Who is Thomas Jefferson?)
(Matt: Who is Adams?)
(Alex: Which one?)
(Matt: [*]?)

John Adams

AshleyMatt
    $400 2
Pip

Ashley
    $800 13
the Crusades

Matt
    $800 27
The Lion King

Matt
    $800 12
a hundred

Ashley
    $800 21
a lock

Heather
    $800 3
Thomas Jefferson

Matt
    $800 4
libel

Heather
    $1200 15
Madrid

Matt
    $1200 28
Penny Hardaway

Ashley
    $1200 14
the mantle

Ashley
    $1200 22
Barrel

Matt
    $1200 6
(John) Tyler

Matt
    $1200 5
barb

Triple Stumper
    $700 16
(Alex: Matt?)
(Matt: What is Saxony?)
(Alex: No. "What is the Battle of [*]?" William the Conqueror. All right, you're at $7,300. Go again.)

Hastings

Matt
    $1600 29
Jim Henson

Heather
    $1600 17
quarks

Heather
    $1600 23
lock

Ashley
    $1600 8
Bush, Reagan, Ford, Carter & Nixon

Ashley
    $1600 7
Alberta

Matt
    $2000 24
the parliament

Ashley
    $2000 30
(Shari) Lewis

Heather
    $2000 18
(Ashley: Who is Buckminster?)
(Alex: I need more than that.)
(Ashley: [No response])
(Alex: Oo, sorry. Matt?)
(Matt: Who is Bucksminister Fuller?)
(Alex: No.)
...
(Alex: You added an "S" there, Matt, and it cost you. You said "Bucksminister" instead of [*], that's the man's name. Heather, we come back to you.)

Buckminster Fuller

AshleyMatt
Triple Stumper
    $2000 25
barrel

Matt
    $2000 9
(Matt: Who is Theodore Roosevelt?)
(Heather: Who is Franklin Roosevelt?)
(Ashley [before ringing in]: Who is [*]?)
(Alex: You have to ring in.)

(Herbert) Hoover

AshleyHeatherMatt
    $1,000 19
(Alex: Heather?)
(Heather: I don't know.)

the neuron

Heather

Scores at the end of the Double Jeopardy! Round:

Ashley Heather Matt
$11,800 $9,600 $9,300

Final Jeopardy! Round responses

ART BOOKS
MattWhat is Venus de Milo
$5,000
HeatherWhat is the Venus de Milo?
$400
AshleyWhat is Collussus???
$3,500
Venus de Milo

Final scores:

Ashley Heather Matt
$8,300 $10,000 $14,300
3rd place: $2,500 if eliminated 2nd place: $2,500 if eliminated Automatic semifinalist

Game dynamics:

Coryat scores:

Ashley Heather Matt
$11,800 $10,600 $9,000
19 R,
5 W
15 R,
3 W
(including 1 DD)
16 R
(including 1 DD),
4 W
(including 1 DD)

Combined Coryat: $31,400

[game clues] [game scores] [suggest correction]

Game tape date: 2003-12-15
The J! Archive is created by fans, for fans. Scraping, republication, monetization, and malicious use prohibited; this site may use cookies and collect identifying information. See terms. The Jeopardy! game show and all elements thereof, including but not limited to copyright and trademark thereto, are the property of Jeopardy Productions, Inc. and are protected under law. This website is not affiliated with, sponsored by, or operated by Jeopardy Productions, Inc. Join the discussion at JBoard.tv.